000 00766nam a2200253Ia 4500
003 OSt
005 20221005045448.0
006 a|||||r|||| 00| 0
007 ta
008 221004b |||||||| |||| 00| 0 san d
020 _c100
024 _a96436
037 _b70, 20/03/2009, Motilal Banarsidass Publishers Pvt. Ltd.
_cTextual
040 _aCRL
_cCRL
_bsan
041 _2san
_asan
082 _aR6893,5x1,6, 15P5
100 _aVallabhacharya
245 0 _aPatravlamenam
260 _aKolhapur
_bShri Vallabh Vidhyapeeth India
_c1995
300 _a503p.
_ccm.
650 _aPHILOSOPHY
942 _hR6893,5x1,6, 15P5
_cTEXL
_2cc
999 _c955054
_d955054